| 000 | 00383nam a22001697a 4500 | ||
|---|---|---|---|
| 003 | SGT | ||
| 020 | _a9788131255452 | ||
| 082 |
_a616.07 _bS20S |
||
| 100 | _aSivapathasundharam, B. | ||
| 245 | _aShafer's Textbook of Oral Pathology | ||
| 250 | _a9th | ||
| 260 |
_bElsevier _c2020 |
||
| 300 | _a797 | ||
| 650 | _aOral Pathology | ||
| 653 | _aOral Pathology | ||
| 942 |
_2ddc _cBK _0226 |
||
| 999 |
_c22722 _d22722 |
||